00588nam a2200181Ia 4500008004100000020001800041041000800059082001900067100001900086245006800105260005000173300000800223365001300231700002000244942001200264999001900276952011100295140306s9999 xx 000 0 und d a9788120337923 aeng a658.78bSUD/LO aAnthony, Raj S aLogistics Management for International Business: Text and Cases aNew DelhibPHI Learning Private Limitedc2009 a384 bRs.325/- aSudalaimuthu, S 2ddccBK c187618d187618 00102ddc4070aKAUCBVbKAUCBVd2010-06-09g325.00l0o658.78 SUD/LOr2014-03-22 00:00:00w2014-03-22yBK